00552nam a2200181Ia 4500001001000000003000500010008004100015010001100056040000900067082001900076100003200095245009300127260005200220300001100272650001300283650002500296710004900321Para_7137CHAP220125s1942 xx 000 0 und d a206023 cCHAP aPA 634.334 S83 aSánchez Colín, Salvador aCultivo del limonero industrialización del limón /c por Salvador Sánchez Colín aMéxico :b Dirección General de Agricultura a394 p. aLimón  aLimón x industria aMéxico. Dirección General de Agricultura